| 000 | 01216nam a22003134a 4500 | ||
|---|---|---|---|
| 001 | ebr10263655 | ||
| 003 | CaPaEBR | ||
| 006 | m u | ||
| 007 | cr cn||||||||| | ||
| 008 | 040416s2004 enka sb 001 0 eng | ||
| 010 | _z 2004008860 | ||
| 020 | _z0195172892 | ||
| 040 |
_aCaPaEBR _cCaPaEBR |
||
| 035 | _a(OCoLC)79822664 | ||
| 050 | 1 | 4 |
_aHV8593 _b.T662 2004eb |
| 082 | 0 | 4 |
_a323.4/9 _222 |
| 245 | 0 | 0 |
_aTorture _h[electronic resource] : _ba collection / _cedited by Sanford Levinson. |
| 260 |
_aOxford ; _aNew York : _bOxford University Press, _c2004. |
||
| 300 |
_avi, 319 p. : _bill. |
||
| 504 | _aIncludes bibliographical references and index. | ||
| 533 |
_aElectronic reproduction. _bPalo Alto, Calif. : _cebrary, _d2013. _nAvailable via World Wide Web. _nAccess may be limited to ebrary affiliated libraries. |
||
| 650 | 0 |
_aTorture _xMoral and ethical aspects. |
|
| 650 | 0 | _aHuman rights. | |
| 650 | 0 |
_aPolitical prisoners _xLegal status, laws, etc. |
|
| 655 | 7 |
_aElectronic books. _2local |
|
| 700 | 1 |
_aLevinson, Sanford, _d1941- |
|
| 710 | 2 | _aebrary, Inc. | |
| 856 | 4 | 0 |
_uhttp://site.ebrary.com/lib/rucke/Doc?id=10263655 _zAn electronic book accessible through the World Wide Web; click to view |
| 999 |
_c11938 _d11938 |
||